| 000 | 00562nam a22001937a 4500 | ||
|---|---|---|---|
| 003 | OSt | ||
| 005 | 20201102083756.0 | ||
| 008 | 200502b ||||| |||| 00| 0 eng d | ||
| 020 | _a9993485713 | ||
| 040 |
_aDO-SdBNP _bspa _cBNPHU |
||
| 082 |
_axxx _bV494e |
||
| 100 | 1 |
_aVergara Mata, Marcela Esther _977089 |
|
| 245 | 1 | 0 |
_aEl elefante rosado / _cMarcela Esther Vergara Mata |
| 260 |
_aSanto Domingo : _bImpresos Vargas, _c2005 |
||
| 300 |
_a85 p. : _bil. ; _c22 cm |
||
| 590 | _aInventariado, 2020 / DG | ||
| 910 | _aInventariado, 2020 / DG | ||
| 942 |
_2ddc _cLBS1 |
||
| 999 |
_c49000 _d49000 |
||